• 首页
  • 本馆介绍
  • 公告通知
  • 最新文献
  • 馆藏检索
  • 电子资源
  • 读者导购
  • 参考咨询
  • 我的图书馆
  • 登录
  • 详细信息显示
  • 放入我的书架
  • 预约/预借图书
  • 作者相关作品
  • 分类相关作品
  • 丛书相关作品
  • 出版社相关作品

书目信息

  • 表格格式
  • 工作单格式
  • 卡片格式
题名:
亲子哲学
    
 
作者: 易柯明 著
分册:  
出版信息: 北京   东方出版社  2021.06
页数: 200页
开本: 23cm
丛书名:
单 册:
中图分类: B843-49 , G781-49
科图分类:
主题词: 父亲--亲子关系--通俗读物
电子资源:
ISBN: 978-7-5207-2045-8
000 00873nam0 2200241 450
001 012001002267
005 20141203131540.0
010    @a978-7-5207-2045-8@dCNY52.80
100    @a20220905d2021 em y0chiy50 ea
101 0  @achi
102    @aCN@b110000
105    @aa z 000yd
106    @ar
200 1  @a亲子哲学@Aqin zi zhe xue@e成就更好的孩子和爸爸@f易柯明著
210    @a北京@c东方出版社@d2021.06
215    @a200页@c彩照,图@d23cm
330    @a本书以易柯明之子易小时的成长为切入点,细述其育儿的心得体会,其中许多观念,比如注重陪伴、家庭和睦、对孩子的包容等都能引起人的共鸣。有一些是孩子成长中遇到的难题,比如打架,他提供了自己处置经验,能为他人所借鉴。
606 0  @a父亲@x亲子关系@j通俗读物
690    @aB843-49@v5
690    @aG781-49@v5
701  0 @a易柯明@Ayi ke ming@f(1975~)@4著
801  0 @aCN@bAHXH@c20221111
905    @b1372555-9@dB843-49@e4451@f5
    
    亲子哲学:成就更好的孩子和爸爸/易柯明著.-北京:东方出版社,2021.06
    200页:彩照,图;23cm
    
    
    ISBN 978-7-5207-2045-8:CNY52.80
    本书以易柯明之子易小时的成长为切入点,细述其育儿的心得体会,其中许多观念,比如注重陪伴、家庭和睦、对孩子的包容等都能引起人的共鸣。有一些是孩子成长中遇到的难题,比如打架,他提供了自己处置经验,能为他人所借鉴。
●
相关链接 在E读中查询图书 在五车中查询图书 在当当中查询图书 在豆瓣中查询图书


正题名:亲子哲学     索取号:B843-49/4451         预约/预借

序号 登录号 条形码 馆藏地/架位号 状态 备注
1 1372555   213725557   第一样本阅览室/ [索取号:B843-49/4451] 在馆    
2 1372556   213725566   教育系资料室/ [索取号:B843-49/4451] 在馆    
3 1372557   213725575   教育系资料室/ [索取号:B843-49/4451] 在馆    
4 1372558   213725584   第一借阅区/ [索取号:B843-49/4451] 在馆    
5 1372559   213725593   第一借阅区/ [索取号:B843-49/4451] 在馆    
唐山师范学院图书馆 欢迎您!
大连网信软件有限公司© 版权所有